[Event "Biel GM"]
[Site "Biel"]
[Date "1999.07.19"]
[Round "1"]
[White "Avrukh, Boris"]
[Black "Onischuk, Alexander"]
[Result "1-0"]
[WhiteElo "2588"]
[BlackElo "2657"]
[Annotator "Avrukh,B"]
[PlyCount "77"]
[EventDate "1999.07.19"]
[EventType "tourn"]
[EventRounds "10"]
[EventCountry "SUI"]
[EventCategory "14"]
[SourceTitle "CBM 072"]
[Source "ChessBase"]
[SourceDate "1999.10.01"]
[SourceVersion "1"]
[SourceVersionDate "1999.10.01"]
[SourceQuality "1"]

{[%mdl 96]} 1. d4 f5 2. g3 Nf6 3. Bg2 g6 4. c4 Bg7 5. Nc3 O-O 6. Nh3 d6 7. Bg5
{A very rare continuation,but i think a very interesting one.} c6 ({More
critical line must be} 7... h6 $5 8. Bxf6 Bxf6 9. Nf4 Kh7 $13 (9... Qe8 $143
10. Nfd5 Na6 11. Nxf6+ Rxf6 12. Qd2 $16) (9... Kg7 $2 10. Bxb7 $1 $18 {[%cal
Gf4e6]})) 8. Qd2 (8. Qb3 $6 {not the best place for white's queen} h6 $1 9.
Bxf6 Bxf6 10. Rd1 Qe8 11. O-O e5 12. dxe5 dxe5 13. f4 e4 14. Nf2 Na6 15. e3 Qe7
16. Ne2 Be6 {[%csl Ge6,Gf6,Rg2] and black is clearly better in Bellon
Lopez-Afifi/Bahrain/1990}) 8... e5 9. d5 c5 (9... e4 $6 10. O-O (10. dxc6 $143
Nxc6 11. Rd1 Ne5 $13) 10... c5 (10... cxd5 $6 11. Nxd5 $16) 11. f3 exf3 12.
exf3 $16 {[%csl Re6]}) 10. e4 (10. f3 Na6 11. Nf2 Bd7 12. e4 Rf7 {[%cal Gd8f8]}
(12... Nc7 $142 {[%cal Gb7b5]} 13. a4 a6 14. a5 Rb8 {[%cal Gb7b5]}) 13. O-O Qf8
14. Rae1 Nc7 15. a4 b6 16. b3 Kh8 17. f4 $1 Re8 18. fxe5 dxe5 19. Bh3 h6 20.
exf5 gxf5 21. Bh4 Qd6 22. Nd3 Nh7 23. g4 $16 {0-1 Avrukh,B-Zhang,Z/Zagan 1997/
EXP 59 (47)}) 10... Qe8 $6 $146 (10... Nbd7 $142 11. exf5 (11. O-O fxe4 $1 12.
Nxe4 Nxe4 13. Bxe4 Nf6 {[%csl Rh3]} 14. Bg2 Bxh3 $1 15. Bxh3 Ne4 16. Bxd8 Nxd2
17. Be6+ Kh8 18. Be7 Nxf1 19. Bxf8 Rxf8 20. Rxf1 e4 $11 {[%cal Gg7d4]}) 11...
gxf5 12. O-O Qe7 (12... Nb6 $5 13. b3 Bd7 {[%cal Gb6c8,Gc8e7]}) 13. Rae1 {
[%cal Gh3f4]} Qf7 (13... a6 $2 14. Nf4 Nb6 15. Nh5 Nxc4 16. Qc1 Rf7 17. Ne4 $1
fxe4 18. Qxc4 Bf5 19. Bxe4 Bxe4 20. Rxe4 $16) 14. Bh6 (14. f4 $6 e4 {[%csl Rg5]
}) 14... Nb6 15. Bxg7 Qxg7 16. f4 $1 $14 {1-0 Epishin,V-Gurevich,M/Elenite
1994/CBM 44/ (32)}) (10... fxe4 $6 11. Bxf6 e3 $5 (11... Bxf6 12. Nxe4 $14 {
[%csl Ge4]}) 12. Bxd8 exd2+ 13. Kxd2 Rxd8 14. Ng5 {[%csl Re6]} Bh6 15. h4 $16)
(10... Na6 $5 11. O-O Nc7 12. Rae1 Bd7 13. f4 (13. exf5 gxf5 $13) 13... h6 14.
Bh4 exf4 15. gxf4 fxe4 16. Nf2 $14) 11. exf5 gxf5 12. Bh6 $1 {Very important
exchange in white's strategy,first black's king becomes weaker (together with
unpleasant threat Ng5-e6 in future),and second white's plan to play f2-f4 soon
, and there is nothing to do with this bishop on g5 after this.} a6 (12... Qg6
13. Bxg7 Qxg7 14. Ng5 {[%cal Gg5e6] looks not so pleasant for black} (14. f4
$140 e4 15. O-O Ng4 $13) (14. O-O $140 $2 f4)) 13. Bxg7 Kxg7 14. O-O b5 $2 {
A very dubious plan,clearly better for black was to develop queenside piecies}
(14... h6 $142 15. Rae1 {[%cal Gh3f4]} Qg6 16. f4 e4 17. Nf2 Nbd7 18. Ncd1 $1
$36 {[%cal Gd1e3,Gg1h1,Gf1g1,Gg2f1,Gg3g4]}) 15. b3 b4 $6 16. Na4 {[%cal Ga4b6]}
Qd8 (16... Nbd7 $2 17. Ng5 $18) 17. Ng5 $1 $16 {[%cal Gg5e6]} Ra7 18. Ne6+ Bxe6
19. dxe6 {[%cal Gd2g5,Gg5f5,Ga1d1,Ga4c5] Now it's impossible for black to
defend their position against white's threats.} f4 (19... Ne8 20. Nxc5 Qe7 21.
Qxb4 $1 dxc5 22. Qxb8 $18) 20. Rad1 (20. gxf4 Nh5 21. fxe5 Nf4 {[%cal Gd8g5]}
22. Kh1 {also wins for white}) 20... Ne8 21. Nxc5 Qe7 22. Ne4 (22. Qxb4 f3 23.
Bh3 Nc6 {gives to black some counterplay}) 22... Qxe6 23. Rfe1 (23. Qxb4 Nc6
24. Qb6 {was more easy}) 23... Nc6 (23... f3 24. Qe3 Raf7 25. Ng5 $18) 24. gxf4
Kh8 (24... Rxf4 25. Ng5 Qg4 26. Ne6+ $1 Qxe6 27. Qxf4 $18) 25. Ng3 $1 $18 {
Killing, last black's chances to create some of counterplay by g-file.} (25.
Nxd6 $2 Rg7 $132) 25... Qc8 26. Bxc6 Qxc6 27. fxe5 dxe5 28. Qd5 Qxd5 29. Rxd5
Nf6 30. Rdxe5 a5 31. Rf5 Ra6 32. Re7 a4 33. Rb7 a3 34. Rxb4 Rd8 {[%cal Gd8d2]}
35. Re5 (35. Rb7 Rd2 36. Ne4 $18) 35... Ng4 36. Re4 Rg6 37. c5 h5 38. Rb6 Rgg8
39. h3 1-0

[Event "Budapest FS08 GM"]
[Site "Budapest"]
[Date "1998.08.02"]
[Round "2"]
[White "Lukacs, Peter"]
[Black "Hoang, Thanh Trang"]
[Result "1-0"]
[WhiteElo "2475"]
[BlackElo "2360"]
[Annotator "ChessBase"]
[PlyCount "71"]
[EventDate "1998.08.01"]
[EventType "tourn"]
[EventRounds "13"]
[EventCountry "HUN"]
[EventCategory "7"]
[SourceTitle "CBM 066"]
[Source "ChessBase"]
[SourceDate "1998.09.30"]
[SourceVersion "1"]
[SourceVersionDate "1998.09.30"]
[SourceQuality "1"]

1. d4 f5 2. g3 Nf6 3. Bg2 g6 4. c4 Bg7 5. Nc3 O-O 6. Nh3 d6 7. d5 c6 8. O-O {
The Dutch Leningrad is the favourite weapon of the vietnamese girl. Here I had
to consider another alternative while preparing for the game.} (8. Nf4 {
attack immediately the >< e6.} Qe8 9. Rb1 (9. Qb3 {All efforts are against the
freeing move e7-e5} Na6 $5 {playing against Qb3 is also possible.} (9... e5 {
are in vain?} 10. Ne6 (10. dxe6 Na6 $1 $13) 10... Bxe6 11. Qxb7 Nbd7 12. dxe6
Qxe6 13. Bxc6 Nb6 14. Bd5 (14. b3 $6 e4 $1 $17 {Piasetski-Kovacevic, Karlovac
1977}) 14... Nfxd5 15. cxd5 Qc8 16. Qxc8 Rfxc8 $44 {The lead of development,
the strong P [+], and the c<-> offer Black good chances according to Kovacevic.
})) 9... Na6 (9... Bd7 $2 10. c5 $1 Na6 (10... dxc5 11. Qb3) 11. cxd6 exd6 12.
dxc6 Bxc6 13. Qxd6 $1 Bxg2 14. Nxg2 Rd8 15. Qa3 Ne4 16. O-O Bxc3 17. bxc3 Rf7
18. Ne3 Qc6 19. c4 $16 {Co.Ionescu-S.Grunberg, Eforia Nord 1989}) 10. b4 Bd7
11. O-O {- 8.0-0} (11. h4 $5 Ng4 $13 {Ionescu})) 8... Qe8 (8... Bd7 9. Re1 {
White wants to invade the [+] by e2-e4} Na6 10. e4 (10. Nf4 Nc7 11. Qb3 c5 {
/\ b5} 12. Bd2 Rb8 13. a4 a6 (13... b6 14. Nb5) 14. a5 Qe8 15. e4 Ng4 16. Nd3
$14 {Gunawan-Kovacevic, Saraevo 1988}) 10... fxe4 11. Nxe4 Nxe4 12. Rxe4 Nc5
13. Re1 $14 {and Black has defects in his P structure, the backward e P causes
some problems, Dolmatov.}) 9. Rb1 (9. Nf4 Na6 10. dxc6 bxc6 11. Qa4 Nb8 $13 {
Novak-Sydor, Sandomierz 1976}) 9... Na6 10. Nf4 (10. b4 Bd7 11. Nf4 {- 10.Nf4})
10... Bd7 11. b4 Nc7 (11... g5 12. Nd3) (11... Rc8 12. dxc6 (12. Qb3 $143 Kh8 (
12... Nc7 13. b5 $14) 13. Be3 g5 14. Ne6 (14. Nd3 $5) 14... Bxe6 15. dxe6 Qh5 (
15... Nc7 $6 16. Bxg5 Nxe6 17. Bd2 $14 {Gavrikov-Schwartzman, San Bernardo op.
1990}) 16. Bxa7 Nc7 $132 {Gavrikov}) 12... bxc6 13. Qa4 {was better with an |^
on the <<.}) 12. dxc6 (12. h4 h6 $13) (12. Bb2 g5 13. dxc6 $1 {is the
important zwischenzug, in order to create weaknesses on the <<.} (13. Nd3 cxd5
$142 (13... e5 14. dxe6 Bxe6 15. c5 Rd8 $1 {This is the improvement on our
previous encounter!} (15... d5 16. e3 Bf7 17. Re1 Ne6 18. Ne2 Bh5 19. Qc2 Bxe2
20. Rxe2 Nd7 21. Bxg7 Kxg7 22. b5 $16 {and White comes first on the <<,
Lukacs-Hoang Thang Budapest 1996.}) 16. Qc2 dxc5 17. Nxc5 Bc8 $13) 14. cxd5 Nb5
$13) 13... bxc6 (13... Bxc6 14. Nfd5 $14) 14. Nd3 $14) 12... bxc6 (12... Bxc6
13. Ncd5 $14) 13. b5 Rc8 (13... g5 14. Nd3 Rb8 (14... e5 15. Nb4) 15. a4 $14 {
White's |^ on the << is more dangerous than Black's counterchances in the [+].}
) 14. a4 (14. Qa4 $5 {was the other possibility to put pressure on >< c6:} cxb5
15. cxb5 {/\} a6 $2 16. Qb3+ $16) 14... Ng4 15. Qb3 Kh8 16. Bb2 Ne5 17. Nd3 $1
cxb5 $2 (17... Nxd3 18. exd3 Ne6 (18... f4 19. Rfe1 $1 f3 (19... cxb5 20. axb5
Ne6 21. Nd5 $16) 20. Bf1 {Black's activity on the >> is of temporary character,
his pieces cannot help the lonely P.} Ne6 21. Ne4 $16) 19. bxc6 Bxc6 20. Bxc6
Qxc6 21. Nd5 $16 {<-> b and e}) 18. Nxb5 $1 {opening up the long /^.} Ne6 (
18... Nxb5 19. cxb5 Nxd3 20. Bxg7+ Kxg7 21. Qxd3 $16 {and White's << Ps are
extremely dangerous, and the B controls the entire h1-a8 /^.}) (18... Nxd3 19.
Bxg7+ Kxg7 20. exd3 $16) (18... Nxc4 $2 {founders on} 19. Bxg7+ Kxg7 20. Nxa7
$18) 19. Nxe5 dxe5 20. Nxa7 Bxa4 21. Qb6 Rd8 22. c5 {This advanced o^ is not
easy to stop. Black's dubled P gives White the virtual P majority.} (22. Qxe6
$4 {falls into the trap after} Rd6) 22... Qd7 23. Nc6 $1 (23. Bc6 Bxc6 24. Nxc6
Rc8 25. Nxe5 Bxe5 $1 26. Bxe5+ Kg8 27. Rfc1 Rc6 $11) 23... Bxc6 24. Bxc6 {
The ^^ in the _|_ is lethal in an open position with a o^.} Qd2 $6 {Black's
last hope is fishing in troubled waters.} (24... Qc7 25. Qxc7 Nxc7 26. Bc3 $16)
25. Bb7 Ng5 (25... Nd4 26. Bxd4 Qxd4 27. c6 $18) 26. Rbd1 $1 $18 {liquidating
for a favourable _|_.} (26. Bc1 Nh3+ 27. Kg2 Qxe2 28. Bf3 Qd3 29. Rd1 Qc2)
26... Qxd1 27. Rxd1 Rxd1+ 28. Kg2 Rb1 29. c6 Ne4 (29... Ne6 30. Qb3 Nc7 (30...
Rf6 31. Qc2) 31. Qc2) 30. Qb3 f4 31. gxf4 Rxf4 32. f3 Nd6 33. Qc2 Re1 34. c7 e4
35. c8=Q+ Nxc8 36. Qxc8+ 1-0

[Event "Elenite"]
[Site "Elenite"]
[Date "1994.??.??"]
[Round "1"]
[White "Epishin, Vladimir"]
[Black "Gurevich, Mikhail"]
[Result "1-0"]
[WhiteElo "2650"]
[BlackElo "2620"]
[Annotator "Dautov,R"]
[PlyCount "63"]
[EventDate "1994.??.??"]
[EventType "tourn"]
[EventRounds "9"]
[EventCountry "BUL"]
[EventCategory "15"]
[SourceTitle "CBM 044"]
[Source "ChessBase"]
[SourceDate "1995.02.01"]
[SourceVersion "1"]
[SourceVersionDate "1995.02.01"]
[SourceQuality "1"]

1. d4 {Ftacnik} d6 2. c4 f5 3. g3 Nf6 4. Bg2 g6 5. Nh3 Bg7 6. Nc3 O-O 7. Bg5 $5
(7. d5) (7. Nf4 {Ftacnik} c6) (7. O-O {Ftacnik} c6 8. d5) 7... c6 (7... h6 $5
8. Bxf6 Bxf6 9. Nf4 Kh7 (9... Qe8 10. Nfd5 Na6 11. Nxf6+ Rxf6 12. Qd2 $14) (
9... Kg7 $2 10. Bxb7 $1 $18) 10. h4 e5 11. dxe5 dxe5 (11... Bxe5 $14) 12. Qxd8
Bxd8 13. Ne6 $1 Re8 14. Nxd8 Rxd8 15. Nd5 Na6 16. O-O-O $14) 8. Qd2 $1 $146 (8.
Qb3 $6 h6 9. Bxf6 Bxf6 10. Rd1 Qe8 11. O-O e5 12. dxe5 dxe5 13. f4 e4 14. Nf2
Na6 15. e3 Qe7 16. Ne2 Be6 $15 {Bellon Lopez-Afifi/Bahrain/1990} (16... Be6 {
Ftacnik} 17. Nd4 Nc5 18. Qc2 Rfd8 19. Nxe6 Nxe6 20. Bh3 Ng7 21. b3 Rxd1 22.
Rxd1 Rd8 23. Kf1 $10 {Bellon Lopez,JM-Afifi,A/Bahrain (2)/1990/0.5 (23)})) 8...
e5 9. d5 $1 c5 (9... e4 $5 10. O-O (10. dxc6 Nxc6 11. Rd1 Ne5 12. b3 Nf7 $13)
10... c5 (10... cxd5 11. Nxd5 $14) 11. f3 exf3 12. exf3 $14 {><e6}) 10. e4 Nbd7
(10... fxe4 $2 11. Bxf6 e3 (11... Bxf6 {Ftacnik} 12. Nxe4 $14) 12. Bxd8 exd2+
13. Kxd2 Rxd8 14. Ng5 Bh6 15. h4 $16) (10... Na6 $5 11. O-O Nc7 12. Rae1 Bd7
13. f4 (13. exf5 gxf5 $13) 13... h6 14. Bh4 exf4 15. gxf4 fxe4 16. Nf2 $14) 11.
exf5 (11. O-O fxe4 $5 {/\} 12. Nxe4 Nxe4 13. Bxe4 Nf6 14. Bg2 Bxh3 15. Bxh3 Ne4
16. Bxd8 Nxd2 17. Be6+ Kh8 18. Be7 Nxf1 19. Bxf8 Rxf8 20. Rxf1 e4 $15) 11...
gxf5 12. O-O Qe7 (12... Nb6 $5 13. b3 Bd7 {/\Nc8-e7}) 13. Rae1 Qf7 (13... a6 {
Ftacnik} 14. Nf4 Nb6 15. Nh5 Nxc4 16. Qc1 Rf7 17. Ne4 fxe4 18. Qxc4 Bf5 19.
Bxe4 Bxe4 20. Rxe4 $14) 14. Bh6 $14 (14. f4 $6 e4 {ץg5}) 14... Nb6 15. Bxg7
Qxg7 16. f4 $1 (16. b3 $2 f4) 16... e4 (16... Nxc4 $2 17. Qe2 Nb6 18. fxe5 dxe5
19. Qxe5 $16) (16... exf4 $2 17. Rxf4 (17. Qxf4 {Ftacnik xd6, xf5}) 17... Nh5
18. Rh4 $16) 17. b3 Bd7 (17... Ng4 $5 {Ftacnik}) 18. Nf2 Nc8 (18... Ng4 {
Ftacnik} 19. Nxg4 Qxg4 20. Nd1 Rae8 21. Ne3 Qg7 $14) 19. Kh1 Ne7 20. Rg1 Rae8 (
20... h5 21. Nh3 Nh7 22. Bf1 $14 {><g5,h5}) (20... Kh8 $5 21. Ncd1 (21. g4 Nxg4
22. Nxg4 Qxg4 23. Bxe4 Qh4 24. Bf3 Ng6 25. Ne2 Rae8 $10) 21... a5 $5 22. Ne3 b6
23. Bf1 Rae8 24. Be2 Ng6 $14) (20... Ng4 {Ftacnik} 21. Nxg4 Qxg4 22. h3 Qg7 23.
g4 fxg4 24. Nxe4 $16) (20... a6 $5 {Ftacnik} 21. Ncd1 b5 22. Ne3 $16) 21. Ncd1
$1 Kh8 (21... Ng4 {Ftacnik} 22. Nxg4 Qxg4 23. Nf2 Qg7 24. g4 fxg4 25. Bxe4 $16)
22. Ne3 a6 23. Bf1 Rb8 $6 (23... b5 $6 24. Qa5 Ra8 25. Qc7 Nc8 26. Bh3 Ra7 27.
Qb8 Qg6 28. g4 $16) (23... Ng6 24. Bh3) (23... b6 $5 24. Be2 Ng6 $14 {>=}) 24.
Be2 Rfc8 $2 (24... Ng6 $1 25. g4 Nxg4 (25... Nxf4 26. Nxf5 Bxf5 27. Qxf4 $16)
26. Nexg4 fxg4 27. Bxg4 e3 $1 (27... Bxg4 28. Rxg4 $16) (27... Rxf4 $2 28. Bxd7
Qxd7 29. Rxg6 $1 $18) 28. Qxe3 Rbe8 29. Be6 Bxe6 30. dxe6 Qd4 31. Qxd4+ cxd4
32. Nd3 Nxf4 33. e7 Rf6 34. Rgf1 Nh5 35. Rxf6 Nxf6 36. Re6 Kg7 37. Nf4 Kf7 38.
Rxd6 Rxe7 39. Rxd4 $16) (24... h5 {Ftacnik} 25. h3 $16) (24... b5 {Ftacnik} 25.
g4 $16) 25. g4 $16 fxg4 26. Nexg4 $1 {><e4} Bf5 (26... Rf8 27. Nxf6 Qxf6 28.
Nxe4 Qxf4 29. Qxf4 Rxf4 30. Nxd6 $16) (26... Nxg4 {Ftacnik} 27. Bxg4 Bxg4 28.
Rxg4 Qd4 29. Qxd4+ cxd4 30. Nxe4 Nf5 31. Ng5 Rf8 32. Ne6 $18) 27. Ne3 $1 {
/^a1-h8} Qf7 (27... Qh6 {Ftacnik} 28. Qc3 $18) 28. Qc3 h6 (28... Rf8 {Ftacnik}
29. Rg5 Bd7 30. Nxe4 $18) 29. Bg4 Bxg4 30. Nexg4 $18 Neg8 31. Nxe4 Rf8 32.
Nexf6 (32. Nexf6 Nxf6 33. Nxf6 Qxf6 34. Re6 $1 $18 (34. Re6 $1 {Ftacnik} Qxc3
35. Rxh6#)) 1-0

[Event "BCF-ch 89th"]
[Site "Torquay"]
[Date "2002.07.31"]
[Round "3"]
[White "Speelman, Jonathan S"]
[Black "McDonald, Neil R"]
[Result "1-0"]
[WhiteElo "2583"]
[BlackElo "2396"]
[Annotator "Finkel,A"]
[PlyCount "55"]
[EventDate "2002.07.29"]
[EventType "swiss"]
[EventRounds "11"]
[EventCountry "ENG"]
[SourceTitle "CBM 091"]
[Source "ChessBase"]
[SourceDate "2002.11.12"]
[SourceVersion "1"]
[SourceVersionDate "2002.11.12"]
[SourceQuality "1"]

1. d4 f5 2. g3 Nf6 3. Bg2 g6 4. c4 Bg7 5. Nc3 O-O 6. Nh3 d6 7. d5 Nbd7 8. Be3 (
8. Nf4 Ne5 9. b3 (9. Qb3 c5 10. O-O (10. Bd2 Rb8 11. h4 Nh5 12. a4 Nxf4 13.
gxf4 Ng4 14. Nd1 e5 $15 {Stone,R-Kanani,S/Ontario 1990}) 10... Rb8 11. e4 a6
12. a4 Qa5 13. Ne6 Bxe6 14. dxe6 Qb4 15. Qc2 fxe4 16. Bg5 Qxc4 17. Bxf6 Bxf6
18. Bxe4 Kg7 $17 {Ghitescu,T-Malaniuk,V/Calimanesti 1992}) 9... c5 (9... Ne4
10. Nxe4 fxe4 11. Be3 g5 12. Nh5 Bh8 13. h3 Qe8 14. g4 Qg6 15. Ng3 Nf3+ 16.
Bxf3 exf3 17. Rc1 $14 {Legky,N-Kontic,D/Vrnjacka Banja 1989}) 10. Bd2 Rb8 11.
h4 a6 12. a4 b6 13. Rb1 Ne8 14. h5 Nc7 15. hxg6 hxg6 $13 {Tratar,M-Malaniuk,V/
Kecskemet 1991}) 8... Ne5 9. Qb3 c5 (9... a5 10. O-O Bd7 11. Rac1 a4 12. Qb4
Nfg4 13. Nd1 Nxe3 14. Nxe3 c5 15. dxc6 bxc6 16. Qd2 Rb8 17. Rb1 Qc8 $13 {
Koshnitsky,N-Hernandez,Y/Elista 1998}) 10. Ng5 Rb8 $6 {Dubious decision. Much
better was} (10... h6 11. Nf3 (11. Ne6 Bxe6 12. dxe6 Rb8 $132) 11... Nxf3+ 12.
Bxf3 Rb8 13. O-O a6 $13 {with uncear position.}) 11. f4 Neg4 12. Bd2 b5 13. h3
$5 b4 (13... Nh6 14. cxb5 Nh5 15. Bf3 Nxg3 16. Rg1 Ne4 17. Ncxe4 fxe4 18. Bxe4
$16) 14. Nb5 $1 Qb6 {No better was} (14... Nh6 15. Nxa7 {[%cal Ga7c6]} Bd7 16.
Nc6 Bxc6 17. dxc6 $16 {with huge advantage for white.}) 15. hxg4 fxg4 16. Qe3
$1 $16 {[%csl Ge3] Bringing a queen to attack.} a6 17. Nc3 bxc3 18. Bxc3 Rb7
19. Ne6 Bxe6 20. dxe6 Rbb8 21. f5 $1 {[%csl Rg8] Starting an actions against
black king while black major pieces are stuck on the queenside doing nothing.}
Nh5 $6 (21... gxf5 22. Qg5 h5 23. Qxf5 $16) 22. fxg6 Bxc3+ 23. bxc3 Rf5 (23...
hxg6 24. Qg5 Kh7 25. Rxh5+ gxh5 26. Be4+ Kh8 27. Qh6+ Kg8 28. Qh7#) 24. Be4 Qb2
25. Rd1 Re5 26. O-O {[%cal Ge3h6,Gf1f7] Nice attacking move immediately
deciding the game in white's favour.} Rxe4 (26... hxg6 27. Qh6 $18) 27. Qh6 $1
hxg6 28. Rf7 1-0

[Event "Munich SKA"]
[Site "Munich"]
[Date "1993.??.??"]
[Round "4"]
[White "Lautier, Joel"]
[Black "Gurevich, Mikhail"]
[Result "0-1"]
[WhiteElo "2645"]
[BlackElo "2610"]
[Annotator "Ftacnik,L"]
[PlyCount "168"]
[EventDate "1993.05.??"]
[EventType "tourn"]
[EventRounds "11"]
[EventCountry "GER"]
[EventCategory "16"]
[SourceTitle "CBM 036"]
[Source "ChessBase"]
[SourceDate "1993.10.01"]
[SourceVersion "1"]
[SourceVersionDate "1993.10.01"]
[SourceQuality "1"]

1. c4 f5 2. g3 Nf6 3. Bg2 g6 4. d4 Bg7 5. Nc3 O-O 6. Nh3 e6 7. b3 d6 8. O-O c6
9. Qc2 (9. e4 fxe4 10. Nxe4 Nxe4 11. Bxe4 e5 $1) 9... e5 10. dxe5 dxe5 11. Ba3
Re8 12. Rad1 Nbd7 13. Bd6 Ng4 14. e4 f4 15. gxf4 Qh4 16. Rd3 (16. fxe5 Ndxe5
17. Qe2 (17. f4 Ne3) 17... Nxh2 18. Kxh2 (18. Rfe1 Bg4 $19) 18... Ng4+ 19. Kh1
Bxc3) (16. f5 gxf5 17. exf5 Ndf6 18. Rfe1 Nh6 19. Rxe5 $2 Rxe5 20. Bxe5 Bxf5)
16... exf4 17. Bxf4 Nc5 18. Rg3 Ne6 19. Bd2 Nf6 20. Ne2 Nh5 21. Rd3 Nc5 22. Bg5
(22. Re3 Nxe4 $1 23. Rxe4 Rxe4 24. Qxe4 Qxe4 25. Bxe4 Bxh3 $15) 22... Qg4 23.
f3 Qe6 24. Rd2 a5 25. Rfd1 $6 (25. Be3 Bf8 26. Nf2 $14) 25... Qf7 26. Rf1 a4
27. b4 (27. f4 axb3 28. axb3 Bxh3 29. Bxh3 Nxe4 $17) 27... Na6 28. a3 (28. b5
cxb5 29. cxb5 Nc7 30. b6 Ne6 31. f4 Nxg5 32. Nxg5 Qf6 33. Qc4+ (33. Rb1 Nxf4
$19) 33... Be6 34. Nxe6 Qxe6 35. Rc1 Kh8 36. Qxe6 Rxe6 37. Rb1 Bh6 38. Rd7 Rb8
39. e5 Nxf4 40. Nxf4 Bxf4 41. Rxb7 Rxb7 42. Bxb7 Rxb6 43. Rxb6 Be3+ 44. Kg2
Bxb6 $10) 28... Be6 29. Be3 h6 (29... Bxc4 30. Ng5) 30. c5 Nc7 31. f4 $2 Nb5
32. Qc1 Bxh3 33. Bxh3 Rxe4 34. Rd3 Rae8 35. Bg2 R4e7 36. Kh1 Qf5 37. Qd2 Kh7
38. Rf2 Qxd3 $1 39. Qxd3 Rxe3 40. Qd2 Nf6 41. Bf1 Nxa3 42. Ng3 Re1 43. Kg2 Ng4
44. Be2 Nxf2 45. Qxe1 (45. Kxf2 Rb1 $17) 45... Ng4 46. Qd2 Ne3+ 47. Kf2 Nd5 48.
Qd1 $1 (48. Bf3 Nb1 49. Qd3 Nbc3 {/\ a4-a3-a2}) 48... Nxf4 $2 (48... Nc3 $1 49.
Qd7 Rf8 50. f5 Nc2 51. Bf3 Nd4 52. fxg6+ Kxg6 $1 $19 (52... Kh8 53. Nh5 $1 $18)
) 49. Qxa4 Nb1 50. Qd1 $2 (50. Qa7 Re7 {/\ Bd4, Nd2}) 50... Nc3 51. Qd7 Rxe2+
52. Nxe2 Nfxe2 53. b5 $2 (53. Qxb7 Nd4 $10) 53... Nd4 54. bxc6 (54. b6 $2 Ne4+
55. Ke3 Nxc5 $19) 54... bxc6 55. Kg2 Nd5 56. h4 h5 57. Kh3 Nf4+ 58. Kh2 Nfe6
59. Qe7 Kh6 60. Kh1 Bf8 61. Qf6 Bg7 62. Qe7 Nf8 63. Qe3+ Kh7 64. Qe8 Kg8 65.
Kg2 Bf6 66. Kh3 Nde6 67. Qxc6 Bd4 68. Qd5 Bxc5 69. Qb7 Bd4 70. Qd5 Kh7 71. Qf3
Bg7 72. Qf7 Nd4 73. Kg2 Nfe6 74. Kh3 Nc5 75. Qe7 Nd3 76. Qe3 Ne6 77. Kg3 (77.
Qxe6 $2 Nf4+ $19) 77... Ne5 78. Qb6 Nf8 79. Qd6 Nf7 80. Qe7 Be5+ 81. Kh3 Kg7
82. Kg2 Nh7 83. Kh3 Nf6 84. Qe6 Ng8 (84... Ng8 85. Qd7 Ngh6 86. Qe6 Nf5 87. Qd7
Bf6 $19) 0-1

[Event "Copenhagen Open-04 (Politiken Cup-03)"]
[Site "Copenhagen"]
[Date "1982.06.??"]
[Round "6"]
[White "Heinbuch, Detlef Ulrich"]
[Black "Iskov, Gert"]
[Result "0-1"]
[WhiteElo "2300"]
[BlackElo "2380"]
[Annotator "Ftacnik,L"]
[PlyCount "80"]
[EventDate "1982.06.??"]
[EventType "swiss"]
[EventRounds "10"]
[EventCountry "DEN"]
[SourceTitle "EXT 2000"]
[Source "ChessBase"]
[SourceDate "1999.11.16"]
[SourceVersion "1"]
[SourceVersionDate "1999.11.16"]
[SourceQuality "1"]

1. c4 g6 2. Nc3 Bg7 3. g3 d6 4. Bg2 f5 5. d4 c6 6. d5 Nf6 7. Nh3 O-O 8. Nf4 Bd7
9. O-O (9. Qb3 Na6 10. Qxb7 Nc5 11. Qb4 a5 12. Qa3 $13) 9... Na6 10. Rb1 Nc7
11. b3 g5 12. Nd3 h6 13. Bb2 Qe8 14. e3 Qf7 15. Nb4 $2 (15. Ne1) 15... a5 16.
Nc2 f4 17. e4 Ng4 18. Ne1 (18. f3 Nxh2 19. Kxh2 Qh5+ 20. Kg1 fxg3 21. Re1 Qh2+
22. Kf1 Bh3) 18... h5 (18... fxg3 19. fxg3 (19. hxg3 $2 Qh5) 19... Qxf1+ 20.
Bxf1 Ne3 21. Qe2 Rxf1+ 22. Qxf1 Nxf1 23. Kxf1 Bh3+ 24. Ke2 Rf8) 19. Nf3 fxg3
20. hxg3 h4 21. Nxg5 Qh5 22. f4 hxg3 23. Nh3 Qh4 (23... Qh8 24. Qf3 Bd4+ 25.
Kh1 Nf2+ 26. Rxf2 Bxh3 27. Qxg3+) 24. Rf3 Nh2 25. f5 Nxf3+ 26. Qxf3 cxd5 27.
cxd5 Bd4+ 28. Kh1 Kf7 29. Ne2 Bxb2 30. Rxb2 Rg8 31. Nef4 Rac8 32. Rb1 Nb5 33.
Ng6 Qh6 34. Qxg3 Nd4 35. Kh2 Rc2 (35... Nxf5 $1) 36. Rd1 (36. Re1 $1) 36...
Nxf5 37. exf5 Bxf5 38. Rf1 Qxg6 39. Rf3 Qxg3+ 40. Rxg3 Rxg3 0-1